Szczegóły MARC21

Człowiek, rekreacja, zdrowie = human, recreation, health /

003 -Nazwa inst., której nr kontr. jest w polu 001 [,]
    • @
    • Nazwa instytucji, której n kontrolny jest w polu 001
    • NUKAT
005 -DATA I CZAS OSTATNIEJ MODYFIKACJI [,]
    • @
    • pole kontrolne
    • 20241231094649.0
020 -Międzynarod. znormalizowany nr książki - ISBN [ , ]
    • a
    • Numer ISBN
    • 9788392955139 Find
040 -Instytucja sporządzająca opis [ , ]
    • a
    • Instytucja, która sporządziła opis (NP)
    • BYDG 24/MM
    • c
    • Instytucja, która sporządziła rekord (NP)
    • BYDG 24/MM
    • d
    • Instytucja, która zmodyfikowała rekord (P)
    • POZN U/JRs
    • d
    • Instytucja, która zmodyfikowała rekord (P)
    • WR 99/AS
041 -Język dokumentu [0, ]
    • a
    • Język tekstu (P)
    • polski
    • b
    • Język streszczeń lub abstraktu (P)
    • angielski
    • b
    • Język streszczeń lub abstraktu (P)
    • rosyjski
942 -Rodzaj dokumentu [ , ]
    • c
    • Rodzaj dokumentu
    • Książka
245 -Strefa tytułu i oznaczenia odpowiedzialności [0,0]
    • a
    • Tytuł
    • Człowiek, rekreacja, zdrowie = Find
    • b
    • Ciąg dalszy tytułu (NP)
    • human, recreation, health / Find
    • c
    • Pozostałe elementy strefy tytułu i oznaczenia odpowiedzialności (NP)
    • red. nauk. Marek Napierała, Radosław Muszkieta, Walery Żukow ; Wyższa Szkoła Gospodarki w Bydgoszczy.
246 -Wariant tytułu [3, ]
    • a
    • Tytuł (NP)
    • Human, recreation, health
260 -Strefa adresu wydawniczego [ , ]
    • a
    • Miejsce wydania (P)
    • Bydgoszcz :
    • b
    • Nazwa wydawcy (P)
    • WSG,
    • c
    • Data wydania (P)
    • 2009.
300 -Strefa opisu fizycznego [ , ]
    • a
    • Określenie formy książki i/lub objętość (NP)
    • 105 s. :
    • b
    • Oznaczenie ilustracji (NP)
    • il. ;
    • c
    • Format (NP)
    • 24 cm.
336 -Typ zawartości [ , ]
    • a
    • Termin opisujący typ zawartości
    • Tekst
    • b
    • Kod określający zawartość
    • txt
    • 2
    • Źródło (terminu i kodu)
    • rdacontent
337 -Typ mediów [ , ]
    • a
    • Tryb odtwarzania
    • Bez urządzenia pośredniczącego
    • b
    • Kod typu mediów
    • n
    • 2
    • Źródło (terminu i kodu)
    • rdamedia
338 -Typ/rodzaj nośnika [ , ]
    • a
    • Hasło opisujące typ nośnika
    • Wolumin
    • b
    • Kod typu nośnika
    • nc
    • 2
    • Źródło (terminu i kodu)
    • rdacarrier
490 -Strefa serii i książki wielotomowej - forma nie do wyszukiwania [1, ]
    • a
    • Tytuł (P)
    • Seria Monografie / Wyższa Szkoła Gospodarki w Bydgoszczy ; Find
    • v
    • Numeracja (P)
    • nr 04/09
830 -Hasło dodatkowe serii i opisu książki wielotomowej - tytuł ujednolicony/tytuł [ ,0]
    • a
    • Tytuł ujednolicony/tytuł (NP)
    • Monografie - Wyższa Szkoła Gospodarki w Bydgoszczy
    • v
    • Oznaczenie tomu (NP)
    • nr 04/09
    • 9
    • KHW
    • 651745
504 -Uwaga dot. bibliogr. załącznikowej [ , ]
    • a
    • Uwaga dot. bibliografii załącznikowej
    • Bibliogr. przy rozdz.
546 -Uwaga dot. języka [ , ]
    • a
    • Uwaga dot. języka
    • Streszcz. ang., ros.
080 -Uniwersalna Klasyfikacja Dziesiętna [ , ]
    • 2
    • Identyfikator wydania tablic
    • UDC-P058
    • 9
    • UKD
    • 4577
    • a
    • Symbol klasyfikacji
    • 613
    • b
    • Dopowiedzenie
    • Higiena ogólna i osobista.
    • 4
    • UKD2
    • 9050
    • x
    • Poddział wspólny
    • -048.65
    • c
    • Dopowiedzenie poddz. wspólnego
    • -Promocja. Zachęcanie. Stymulacja.
080 -Uniwersalna Klasyfikacja Dziesiętna [ , ]
    • 2
    • Identyfikator wydania tablic
    • UDC-P058
    • 9
    • UKD
    • 4600
    • a
    • Symbol klasyfikacji
    • 614
    • b
    • Dopowiedzenie
    • Zdrowie i bezpieczeństwo publiczne.
    • 4
    • UKD2
    • 9050
    • x
    • Poddział wspólny
    • -048.65
    • c
    • Dopowiedzenie poddz. wspólnego
    • -Promocja. Zachęcanie. Stymulacja.
080 -Uniwersalna Klasyfikacja Dziesiętna [ , ]
    • 2
    • Identyfikator wydania tablic
    • UDC-P058
    • 9
    • UKD
    • 4564
    • a
    • Symbol klasyfikacji
    • 612.7
    • b
    • Dopowiedzenie
    • Narządy ruchu. Głos. Skóra.
080 -Uniwersalna Klasyfikacja Dziesiętna [ , ]
    • 2
    • Identyfikator wydania tablic
    • UDC-P058
    • 9
    • UKD
    • 4638
    • a
    • Symbol klasyfikacji
    • 615.8
    • b
    • Dopowiedzenie
    • Fizjoterapia. Radioterapia i inne bezlekowe metody leczenia.
080 -Uniwersalna Klasyfikacja Dziesiętna [ , ]
    • 2
    • Identyfikator wydania tablic
    • UDC-P058
    • 9
    • UKD
    • 6283
    • a
    • Symbol klasyfikacji
    • 796.035
    • b
    • Dopowiedzenie
    • Sport rekreacyjny. Sport dla zdrowia. Rekreacja fizyczna.
650 -Hasło przedmiotowe [ ,7]
    • a
    • Hasło przedmiotowe
    • Motoryka.
    • 2
    • Źródło terminu
    • kaba
    • 9
    • KHW
    • 119980
650 -Hasło przedmiotowe [ ,7]
    • a
    • Hasło przedmiotowe
    • Promocja zdrowia.
    • 2
    • Źródło terminu
    • kaba
    • 9
    • KHW
    • 126193
650 -Hasło przedmiotowe [ ,7]
    • a
    • Hasło przedmiotowe
    • Sport.
    • 2
    • Źródło terminu
    • kaba
    • 9
    • KHW
    • 221680
980 -Symbol UKD [ , ]
    • a
    • UKD
    • 913/914-048.65:612.7:615.8:796.035
700 -Hasło dodatkowe - nazwa osobowa [1, ]
    • a
    • Nazwa osobowa (NP)
    • Napierała, Marek Paweł Find
    • d
    • Daty biograficzne (NP)
    • (19..-2021).
    • e
    • Określenie rodzaju współpracy
    • Red.
    • 9
    • KHW
    • 21776
700 -Hasło dodatkowe - nazwa osobowa [1, ]
    • a
    • Nazwa osobowa (NP)
    • Muszkieta, Radosław Find
    • d
    • Daty biograficzne (NP)
    • (1964- ).
    • e
    • Określenie rodzaju współpracy
    • Red.
    • 9
    • KHW
    • 41910
700 -Hasło dodatkowe - nazwa osobowa [1, ]
    • a
    • Nazwa osobowa (NP)
    • Żukow, Walery. Find
    • e
    • Określenie rodzaju współpracy
    • Red.
    • 9
    • KHW
    • 21793
920 -ISBN [ , ]
    • a
    • ISBN
    • 978-83-929551-3-9 Find
Data inwentaryzacji Status udost. Sygnatura Lokalizacja Numer inwentarzowy
2010-10-201Rekreacja-teoria i metodyka 11BMWF.8726